|
|
แสดงรายละเอียดบรรณานุกรม |
|
|
Brief Record
: Get Marc (ISO 2709)
: E-mail record
: |
|
|
| LEADER 00000nam 2200000uu 4500 | |||
| 001 210546 | |||
| 003 ULIBM | |||
| 008 020711s2557 th a 000 0 tha d | |||
| 020 978-974-03-3245-9 | |||
| 041 ^atha^beng | |||
| 060 4 WE 880 ธ582ก 2557 | |||
| 100 ธิดารัตน์ อร่ามวัฒนชัย. | |||
| 245 กายภาพบำบัดในข้อเท้าและเท้า/^cธิดารัตน์ อร่ามวัฒนชัย. | |||
| 250 พิมพ์ครั้งที่ 1 | |||
| 260 กรุงเทพฯ :^bโรงพิมพ์แห่งจุฬาลงกรณ์มหาวิทยาลัย,^c2557. | |||
| 300 271 หน้า :^bภาพประกอบ ;^c26 ซม. | |||
| 650 4 ข้อเท้า^xกายภาพบำบัด | |||
| 650 4 ^aเท้า^xกายภาพบำบัด | |||
| 999 ^aใช้งานได้ทุกระบบ | |||
| คุณยังไม่ได้ล็อกอิน คุณสามารถมีกิจกรรมร่วมกับเว็บไซต์ได้ แต่ต้องล็อกอินก่อน :: |
|
| สถานะ | |||||||||
| 1. | การพยาบาล (ตำราหลัก) | WE 880 ธ582ก 2557 ฉ.1 | On Shelf ขอยืม | ||||||
| Note:งบประมาณปี 2558 | |||||||||
| 2. | การพยาบาล (ตำราหลัก) | WE 880 ธ582ก 2557 ฉ.2 | On Shelf ขอยืม | ||||||
| Note:งบประมาณปี 2558 | |||||||||
| 3. | การพยาบาล (ตำราหลัก) | WE 880 ธ582ก 2557 ฉ.3 | On Shelf ขอยืม | ||||||
| Note:งบประมาณปี 2558 | |||||||||
| [แสดง 3/3 รายการ] | |||||||||
BibComment |
| คอมเมนท์ทรัพยากรรายการนี้ |
|
|